Catholic University of Zimbabwe Library
Online Public Access Catalogue
(OPAC)

Judith Le Soldat: Werkausgabe / Band 2: Land ohne Wiederkehr (Record no. 32953)

MARC details
000 -LEADER
fixed length control field 02152nam a22003617a 4500
001 - CONTROL NUMBER
control field 105845
003 - CONTROL NUMBER IDENTIFIER
control field KnowledgeUnlatched
005 - DATE AND TIME OF LATEST TRANSACTION
control field 20210303104920.0
006 - FIXED-LENGTH DATA ELEMENTS--ADDITIONAL MATERIAL CHARACTERISTICS
fixed length control field m o d
007 - PHYSICAL DESCRIPTION FIXED FIELD--GENERAL INFORMATION
fixed length control field cr u||||||||||
008 - FIXED-LENGTH DATA ELEMENTS--GENERAL INFORMATION
fixed length control field 210129p20182020xx o u00| u ger d
037 ## - SOURCE OF ACQUISITION
Institution to which field applies BiblioBoard
020 ## - INTERNATIONAL STANDARD BOOK NUMBER
International Standard Book Number 9783772830723
029 1# - OTHER SYSTEM CONTROL NUMBER (OCLC)
OCLC library identifier https://library.biblioboard.com/ext/api/media/bdb3a9f4-ab37-4764-8180-b2174594a634/assets/thumbnail.jpg
040 ## - CATALOGING SOURCE
Original cataloging agency ScCtBLL
Transcribing agency ScCtBLL
100 1# - MAIN ENTRY--PERSONAL NAME
Personal name Le Soldat, Judith
Relator term author.
245 00 - TITLE STATEMENT
Title Judith Le Soldat: Werkausgabe / Band 2: Land ohne Wiederkehr
Remainder of title Auf der Suche nach einer neuen psychoanalytischen Theorie der Homosexualität /
Statement of responsibility, etc. Judith Le Soldat, Monika Gsell.
264 #1 - PRODUCTION, PUBLICATION, DISTRIBUTION, MANUFACTURE, AND COPYRIGHT NOTICE
Name of producer, publisher, distributor, manufacturer frommann-holzboog,
300 ## - PHYSICAL DESCRIPTION
Extent 1 online resource (1 p.)
506 0# - RESTRICTIONS ON ACCESS NOTE
Terms governing access Access copy available to the general public.
Standardized terminology for access restriction Unrestricted
Source of term star
520 ## - SUMMARY, ETC.
Summary, etc. Volume 2 of Judith Le Soldat‹s Complete Works contains the second previously unpublished book manuscript from the writer‹s estate. In this book, Le Soldat had planned to present the insights in statu nascendi gained from her work with homosexual analysands. ›Land of No Return‹ describes one of various possible homosexual paths of inner development. In addition, the book testifies to a surprising and moving process of self-knowledge, a process that was to have profound and entirely unexpected consequences not only for the (heterosexual) writer but also for the formulation of the theory on which she was working.
588 0# - SOURCE OF DESCRIPTION NOTE
Source of description note Description based on print version record.
590 ## - LOCAL NOTE (RLIN)
Local note KU Open Services
650 #7 - SUBJECT ADDED ENTRY--TOPICAL TERM
Topical term or geographic name entry element Psychology / Research & Methodology
Source of heading or term bisacsh
650 #0 - SUBJECT ADDED ENTRY--TOPICAL TERM
Topical term or geographic name entry element Psychology
655 #0 - INDEX TERM--GENRE/FORM
Genre/form data or focus term Electronic books.
700 1# - ADDED ENTRY--PERSONAL NAME
Personal name Gsell, Monika
Relator term editor.
758 ## -
-- Is found in:
-- Knowledge Unlatched
-- https://openresearchlibrary.org/module/2774bc74-146a-484f-a7ba-ab1d6a09bbfb
856 40 - ELECTRONIC LOCATION AND ACCESS
Uniform Resource Identifier <a href="https://openresearchlibrary.org/content/bdb3a9f4-ab37-4764-8180-b2174594a634">https://openresearchlibrary.org/content/bdb3a9f4-ab37-4764-8180-b2174594a634</a>
Public note View this content on Open Research Library.
-- 0
Holdings
Withdrawn status Lost status Source of classification or shelving scheme Damaged status Not for loan Home library Current library Shelving location Date acquired Total Checkouts Date last seen Uniform Resource Identifier Price effective from Koha item type
          Digital Library Digital Library Online Access 03.03.2021   03.03.2021 https://openresearchlibrary.org/content/bdb3a9f4-ab37-4764-8180-b2174594a634 03.03.2021 eBook

OPENING HOURS

Weekdays: 0815hrs - 1800hrs
Weekends:0900hrs - 1200hrs

Closed for Mass:

Mon, Thur: 1200hrs - 1300hrs
Sunday & Public Holiday’s

CALL SUPPORT

0242-570570, 0242-570169
09200664, +263 8644140602

LOCATION

18443, Cranborne Avenue, Hatfield, Harare

Other Links


©2021 | CUZ Library